000 00702nam a2200289Ia 4500
005 20260324142214.0
008 008 260324s9999 xx 000 0 eng d
020 _a9781003046783
037 _aEBOOK
040 _aCRL
040 _beng
040 _cCRL
041 _2eng
041 _aeng
084 _qCRL
100 _aJulia Grant
_91211095
245 4 _aThe New York State Society of Certified Public Accountants
245 0 _bFoundation for a Profession
260 _bTaylor and Francis
260 _c1995
365 _a
365 _b130
856 _uhttp://www.taylorfrancis.com/books/9781003046783
942 _cEBOOK
999 _c1814987
_d1814987